ARRUPE JESUIT UNIVERSITY

CORONAVIRUS -STOP THE SPREAD - CLEAN,DISINFECT,COVER

The Cassinga event : (Record no. 125422)

MARC details
000 -LEADER
fixed length control field 01159cam a2200361 a 4500
001 - CONTROL NUMBER
control field 1555612
003 - CONTROL NUMBER IDENTIFIER
control field ARRUPE
005 - DATE AND TIME OF LATEST TRANSACTION
control field 20161005114306.0
008 - FIXED-LENGTH DATA ELEMENTS--GENERAL INFORMATION
fixed length control field 950209s1994 sx ab b f000 0 eng
010 ## - LIBRARY OF CONGRESS CONTROL NUMBER
LC control number 94983427
020 ## - INTERNATIONAL STANDARD BOOK NUMBER
International Standard Book Number 9991644091
035 ## - SYSTEM CONTROL NUMBER
System control number (OCoLC)32052235
035 ## - SYSTEM CONTROL NUMBER
System control number (OCoLC)ocm32052235
035 ## - SYSTEM CONTROL NUMBER
System control number (NNC)1555612
040 ## - CATALOGING SOURCE
Original cataloging agency DLC
Transcribing agency DLC
Modifying agency WU
-- CStRLIN
042 ## - AUTHENTICATION CODE
Authentication code lcode
043 ## - GEOGRAPHIC AREA CODE
Geographic area code f-sx---
-- f-ao---
-- f-sa---
050 14 - LIBRARY OF CONGRESS CALL NUMBER
Classification number DT1436.H49 1996
082 14 - DEWEY DECIMAL CLASSIFICATION NUMBER
Classification number 968.8103
Edition number 20
300 ## - PHYSICAL DESCRIPTION
Other physical details ill. (some col.), maps ;
Dimensions 22 cm.
100 1# - MAIN ENTRY--PERSONAL NAME
Personal name Heywood, Annemarie.
9 (RLIN) 26479
245 14 - TITLE STATEMENT
Title The Cassinga event :
Remainder of title an investigation of the records /
Statement of responsibility, etc by Annemarie Heywood ; foreword by Justin Ellis.
250 ## - EDITION STATEMENT
Edition statement 2nd edition
260 ## - PUBLICATION, DISTRIBUTION, ETC. (IMPRINT)
Place of publication, distribution, etc Windhoek :
Name of publisher, distributor, etc National Archives of Namibia,
Date of publication, distribution, etc c1994.
300 ## - PHYSICAL DESCRIPTION
Extent 132 p.;
490 1# - SERIES STATEMENT
Series statement Archeia ;
Volume number/sequential designation 18
504 ## - BIBLIOGRAPHY, ETC. NOTE
Bibliography, etc Includes bibliographical references.
650 #0 - SUBJECT ADDED ENTRY--TOPICAL TERM
Topical term or geographic name as entry element Political Refugees
Geographic subdivision Angola
General subdivision Cassinga
9 (RLIN) 26480
650 #0 - SUBJECT ADDED ENTRY--TOPICAL TERM
Topical term or geographic name as entry element Political Refugees
Geographic subdivision Namibia
9 (RLIN) 26481
650 #0 - SUBJECT ADDED ENTRY--TOPICAL TERM
Topical term or geographic name as entry element Cassinga (Angola)
Form subdivision Massacre,
Chronological subdivision 1978
9 (RLIN) 26482
830 #0 - SERIES ADDED ENTRY--UNIFORM TITLE
Uniform title Archeia ;
Volume number/sequential designation Nr. 18.
9 (RLIN) 26483
942 ## - ADDED ENTRY ELEMENTS (KOHA)
Source of classification or shelving scheme Library of Congress Classification
Koha item type Monograph ( Printed materials)
Holdings
Withdrawn status Lost status Source of classification or shelving scheme Damaged status Not for loan Collection code Home library Current library Shelving location Date acquired Total Checkouts Full call number Barcode Date last seen Price effective from Koha item type
    Library of Congress Classification     Main Collection ARRUPE LIBRARY ARRUPE LIBRARY Main Collection 05/10/2016   DT1436.H49 1996 46500020822 07/12/2017 05/10/2016 Monograph ( Printed materials)

 

Arrupe Library. PO Box MP320 Mt Pleasant, Harare, Zimbabwe
263 242 745411|librarian@aju.ac.zw